000 00959nam a2200349 a 4500
003 AR-BaBNM
005 20251128203000.0
008 082120s2002 ||||||||||||||000 | spa||
020 _a84-7100-437-2
040 _cAR-BaBNM
100 1 _aLara, Jorge Salvador
245 0 0 _aQuito
250 _a1ª ed.
260 _aMadrid
_bMapfre
_c1992
300 _a404 p.
_bmapas, láms., il.
490 0 _aCiudades de Iberoamérica
_vv. 5
500 _aApéndices para consultar p. 365-383.
650 4 _aDEMOGRAFIA HISTORICA
650 4 _aCIUDADES
650 4 _aDESARROLLO URBANO
650 4 _aHISTORIA SOCIAL
650 4 _aHISTORIA DE LAS COSTUMBRES
650 4 _aPERIODO HISPANICO
650 4 _aPERIODO INDEPENDIENTE
650 4 _aINSTITUCIONES HISPANOAMERICANAS
651 4 _aEcuador
651 4 _aAmérica Latina
800 1 _aGallego, José Andrés
_ecoordinador
800 1 _aLucena, Manuel
_edirector
942 _cBK
998 _cmariana
999 _c1358
_d1358